| 000 | 00000nam##2200000za#4500 |
| 001 | 9.575181 |
| 003 | CaOODSP |
| 005 | 20210624184536 |
| 007 | cr ||||||||||| |
| 008 | 150406|1985||||xxc|||||o f|0| 0 eng|d |
| 040 | |aCaOODSP|beng |
| 043 | |an-cn--- |
| 086 | 1 |aFs97-17/10E-PDF |
| 110 | 1 |aCanada. |bDepartment of Fisheries and Oceans. |
| 245 | 10|aShallow-water wave calculations / |h[electronic resource]|cby D.O. Hodgins, P.H. LeBlond and D.A. Huntley. |
| 260 | |aOttawa - Ontario : |bFisheries and Oceans Canada |cc1985. |
| 300 | |a89p. |
| 490 | 1 |aCanadian contractor report of hydrography and ocean sciences|vNo. 10 |
| 500 | |aThe catalogue number and ISSN for the print edition appear in this electronic version. |
| 546 | |a(Résumé en français). |
| 590 | |a12-39-Supp|b2012-10-11 |
| 720 | 1 |aLeBlond, P. H. |
| 720 | 1 |aHodgins, D. O |
| 720 | 1 |aHuntley, D. A. |
| 830 | #0|aCanadian contractor report of hydrography and ocean sciences ;|vNo. 10|w(CaOODSP)9.506655 |
| 856 | 40|ahttp://publications.gc.ca|qPDF|s4386 KB|uhttps://publications.gc.ca/collections/collection_2012/mpo-dfo/Fs97-17-10-eng.pdf|yNo. 10 |